Normal view
MARC view
Entry Personal Name
001 - CONTROL NUMBER
- control field: 4797
003 - CONTROL NUMBER IDENTIFIER
- control field: BD-RjUL
005 - DATE AND TIME OF LATEST TRANSACTION
- control field: 20220914110744.0
008 - FIXED-LENGTH DATA ELEMENTS
- fixed length control field: 220914|| aca||aabn | a|a d
040 ## - CATALOGING SOURCE
- Original cataloging agency: BD-RjUL
- Transcribing agency: BD-RjUL
100 ## - HEADING--PERSONAL NAME
- Personal name: ʻIffat, Sayyid
670 ## - SOURCE DATA FOUND
- Source citation: Work cat.: (BD-RjUL)80353: هجويري، علي بن عثمان. ## Hujvīrī, ʻAlī ibn ʻUs̲mān, -approximately 1072, author. 4796, كشف المحجوب اردو @@ Kashf al-maḥjūb Urdu /